[Event "39th Zurich Christmas"]
[Site "Zurich SUI"]
[Date "2015.12.26"]
[Round "1.2"]
[White "Georgiev, Kiril"]
[Black "Aleksic, Neven"]
[Result "1-0"]
[WhiteTitle "GM"]
[WhiteElo "2627"]
[BlackElo "2168"]
[WhiteFideId "2900017"]
[BlackFideId "931098"]
[EventDate "2015.12.26"]

1. d4 Nf6 2. Nf3 e6 3. Bf4 d5 4. e3 c5 5. c3 Nc6 6. Nbd2 Bd6 7. Bg3 Qe7 8. Ne5
O-O 9. Bd3 Nd7 10. f4 f5 11. Ndf3 Nf6 12. Bh4 Qc7 13. Qe2 c4 14. Bc2 Bd7 15.
Bxf6 gxf6 16. Nxd7 Qxd7 17. O-O Kh8 18. Kh1 b5 19. b3 Ne7 20. Rg1 Rg8 21. h3 Rg3
22. a4 cxb3 23. Bxb3 bxa4 24. Bxa4 Qc7 25. Rac1 Rc8 26. Bb5 Ba3 27. Rc2 Rcg8 28.
c4 dxc4 29. Bxc4 Qb6 30. Ra2 1-0

[Event "39th Zurich Christmas"]
[Site "Zurich SUI"]
[Date "2015.12.26"]
[Round "1.3"]
[White "Jovanovic, Sladjan"]
[Black "Bauer, Christian"]
[Result "0-1"]
[BlackTitle "GM"]
[WhiteElo "2162"]
[BlackElo "2624"]
[WhiteFideId "1313860"]
[BlackFideId "603767"]
[EventDate "2015.12.26"]

1. d4 Nf6 2. Nf3 e6 3. Bg5 h6 4. Bh4 b6 5. e3 Bb7 6. Nbd2 d6 7. Bd3 Nbd7 8. Qe2
a6 9. c3 Be7 10. O-O O-O 11. a4 Re8 12. e4 e5 13. dxe5 dxe5 14. Bc4 Bd6 15. Ne1
Nf8 16. Nc2 Ng6 17. Bxf6 Qxf6 18. Ne3 Nf4 19. Qf3 Rad8 20. Rad1 Qg6 21. Qg3 Qh5
22. Nf5 Bf8 23. Rfe1 Bc6 24. b3 b5 25. axb5 axb5 26. Bf1 Rd7 27. Qe3 Red8 28. g3
Nd3 29. Re2 Nc5 30. Ree1 Nxe4 0-1

[Event "39th Zurich Christmas"]
[Site "Zurich SUI"]
[Date "2015.12.26"]
[Round "1.4"]
[White "Bindrich, Falko"]
[Black "Dekan, Hans"]
[Result "1-0"]
[WhiteTitle "GM"]
[WhiteElo "2583"]
[BlackElo "2161"]
[WhiteFideId "4676670"]
[BlackFideId "4685555"]
[EventDate "2015.12.26"]

1. d4 d5 2. c4 c6 3. Nf3 Nf6 4. Nc3 Bf5 5. cxd5 cxd5 6. Qb3 Qb6 7. Qxb6 axb6 8.
e3 e6 9. Bb5+ Nfd7 10. Ne5 Bd6 11. Nxd7 Nxd7 12. Bd2 Bb4 13. Ke2 Ra5 14. Rhc1
Kd8 15. a3 Bxc3 16. Bxc3 Rxb5 17. b4 Nf6 18. a4 Ne4 19. axb5 Kd7 20. Be1 Nd6 21.
f3 Nxb5 22. g4 Bg6 23. Bg3 f6 24. h4 Re8 25. Kd2 e5 26. h5 Bf7 27. Kd3 e4+ 28.
Ke2 Be6 29. Kf2 exf3 30. Kxf3 h6 31. Ra2 Rf8 32. Bf4 Bf7 33. Rca1 Rc8 34. Ra8
Rc3 35. Rd1 Rc2 36. Rb8 Nc3 37. Rxb7+ Ke8 38. Ra1 Na2 39. Rxb6 f5 40. Rb8+ Ke7
41. Rb7+ Ke8 42. gxf5 Bxh5+ 43. Kg3 g5 44. fxg6 Bxg6 45. b5 Be4 46. b6 Bf5 47.
Rc7 1-0

[Event "39th Zurich Christmas"]
[Site "Zurich SUI"]
[Date "2015.12.26"]
[Round "1.5"]
[White "Borner, Daniel"]
[Black "Vorobiov, Evgeny E."]
[Result "0-1"]
[WhiteTitle "FM"]
[BlackTitle "GM"]
[WhiteElo "2160"]
[BlackElo "2574"]
[WhiteFideId "1301659"]
[BlackFideId "4121341"]
[EventDate "2015.12.26"]

1. e4 c5 2. Nf3 Nc6 3. d4 cxd4 4. Nxd4 g6 5. Nc3 Bg7 6. Be3 Nf6 7. Bc4 O-O 8.
Bb3 Re8 9. Nxc6 dxc6 10. Qxd8 Rxd8 11. f3 Kf8 12. Rd1 Rxd1+ 13. Kxd1 Nd7 14. Kc1
Ke8 15. Rd1 Be5 16. h3 Bc7 17. a3 Bb6 18. Bxb6 axb6 19. Kd2 Nc5 20. Ba2 e5 21.
Ke3 Ke7 22. Rd2 b5 23. Rd1 Bd7 24. Rd2 f6 25. Rd1 h5 26. Rd2 h4 27. Rd1 Be6 28.
Bxe6 Kxe6 29. Rd2 Nd7 30. Rd3 Nb6 31. Kd2 Nc4+ 32. Kc1 f5 33. Kb1 Rh8 34. Ka2
Rh5 35. b3 Nd6 36. Kb2 fxe4 37. Nxe4 Nxe4 38. fxe4 Rg5 39. Rd2 Rg3 40. Re2 Kf6
41. Kc1 Kg5 42. Rf2 Re3 43. Rf7 Rxe4 44. Rxb7 Kf4 45. Rg7 g5 46. Kd2 c5 47. Rg8
c4 48. bxc4 Rxc4 49. Rb8 Rc5 50. a4 Rd5+ 51. Kc3 bxa4 52. Rb4+ Rd4 53. Rxd4+
exd4+ 54. Kxd4 a3 55. Kc3 Kg3 56. Kb3 Kxg2 57. c4 g4 58. c5 gxh3 59. c6 h2 60.
c7 h1=Q 0-1

[Event "39th Zurich Christmas"]
[Site "Zurich SUI"]
[Date "2015.12.26"]
[Round "1.6"]
[White "Kunin, Vitaly"]
[Black "Levrand, Roland"]
[Result "1-0"]
[WhiteTitle "GM"]
[WhiteElo "2572"]
[BlackElo "2158"]
[WhiteFideId "4128737"]
[BlackFideId "1322524"]
[EventDate "2015.12.26"]

1. d4 Nf6 2. c4 g6 3. Nc3 Bg7 4. e4 O-O 5. Nge2 c6 6. Ng3 d6 7. Be2 e5 8. d5
cxd5 9. cxd5 a5 10. h4 Na6 11. h5 Nd7 12. hxg6 fxg6 13. Be3 Ndc5 14. Qd2 Bd7 15.
Nb5 Qb6 16. Na3 Nb4 17. O-O Qd8 18. Rfc1 b6 19. Nc4 Bc8 20. Qd1 a4 21. Qd2 Nba6
22. Rab1 Rb8 23. b4 axb3 24. axb3 b5 25. Na5 Qh4 26. Nc6 Rb7 27. Bg5 Nxe4 28.
Ne7+ Rxe7 29. Bxh4 Nxd2 30. Bxe7 Re8 31. Bxb5 Rxe7 32. Rxc8+ Kf7 33. Rd1 Nc7 34.
Rxc7 Rxc7 35. Rxd2 Rc1+ 36. Bf1 Bh6 37. Ra2 Re1 38. Ra7+ Kf6 39. Rxh7 Bf4 40.
Ne2 Bd2 1-0

[Event "39th Zurich Christmas"]
[Site "Zurich SUI"]
[Date "2015.12.26"]
[Round "1.7"]
[White "Adzic, Slobodan"]
[Black "Pelletier, Yannick"]
[Result "0-1"]
[WhiteTitle "FM"]
[BlackTitle "GM"]
[WhiteElo "2157"]
[BlackElo "2571"]
[WhiteFideId "723886"]
[BlackFideId "1301837"]
[EventDate "2015.12.26"]

1. g3 d5 2. Bg2 c6 3. d3 e5 4. Nf3 Bd6 5. e4 dxe4 6. dxe4 Ne7 7. Nbd2 f6 8. Nc4
Bc5 9. Qxd8+ Kxd8 10. c3 a5 11. O-O Be6 12. Rd1+ Kc7 13. Be3 Bxe3 14. Nxe3 Na6
15. Nh4 Nc5 16. Nhf5 Nxf5 17. exf5 Bf7 18. b3 Rhd8 19. Bf1 b5 20. f3 e4 21. f4
Nb7 22. c4 b4 23. Kf2 Rxd1 24. Rxd1 a4 25. bxa4 Rxa4 26. Rd2 Ra3 27. Rb2 c5 28.
g4 Rc3 29. g5 Nd6 30. g6 hxg6 31. fxg6 Bxc4 32. Bxc4 Rxe3 33. Be2 Rh3 34. Rc2
Kc6 0-1

[Event "39th Zurich Christmas"]
[Site "Zurich SUI"]
[Date "2015.12.26"]
[Round "1.8"]
[White "Burmakin, Vladimir"]
[Black "Sandmeier, Toni"]
[Result "1-0"]
[WhiteTitle "GM"]
[WhiteElo "2556"]
[BlackElo "2154"]
[WhiteFideId "4105109"]
[BlackFideId "4606060"]
[EventDate "2015.12.26"]

1. d4 Nf6 2. Nf3 c5 3. d5 e6 4. c4 b5 5. dxe6 fxe6 6. cxb5 d5 7. g3 Bd6 8. Bg2
O-O 9. O-O Qe7 10. Nc3 Bb7 11. e4 d4 12. e5 Bxe5 13. Nxe5 Bxg2 14. Kxg2 dxc3 15.
bxc3 Qb7+ 16. Kg1 Nbd7 17. Nxd7 Nxd7 18. Qe2 e5 19. c4 e4 20. Bb2 Rae8 21. a4
Rf3 22. Rae1 Nb6 23. a5 Na4 24. Ba1 Ra3 25. Qc2 a6 26. Re3 Rxe3 27. fxe3 axb5
28. Qb3 1-0

[Event "39th Zurich Christmas"]
[Site "Zurich SUI"]
[Date "2015.12.26"]
[Round "1.11"]
[White "Wuethrich, Lorenz"]
[Black "Sebenik, Matej"]
[Result "1/2-1/2"]
[BlackTitle "GM"]
[WhiteElo "2139"]
[BlackElo "2523"]
[WhiteFideId "1314327"]
[BlackFideId "14602296"]
[EventDate "2015.12.26"]

1. d4 Nf6 2. c4 e6 3. Nc3 Bb4 4. Qc2 O-O 5. a3 Bxc3+ 6. Qxc3 b5 7. cxb5 c6 8.
Bg5 cxb5 9. e3 Bb7 10. Nf3 a6 11. Be2 h6 12. Bxf6 Qxf6 13. O-O Rc8 14. Qd2 Be4
15. Rfc1 Nc6 16. Rc5 d6 17. Rc3 Qd8 18. Rac1 Ne7 19. Bd3 Rxc3 20. Rxc3 Bxf3 21.
gxf3 f5 22. f4 Rc8 23. a4 bxa4 24. Bxa6 Ra8 25. Bd3 d5 26. Be2 Qd6 27. Bd1 a3
28. Rxa3 Rxa3 29. bxa3 Qxa3 30. Bh5 g6 31. Bf3 Kf7 32. Qc2 Qa5 33. Kg2 g5 34.
Bh5+ Kf6 35. fxg5+ hxg5 36. Qb2 Qd8 37. Qb5 Qh8 38. Qe8 Qxe8 39. Bxe8 Nc8 40. h3
Nd6 41. Bh5 Ne4 42. Bf3 Nd2 43. Kg3 Nc4 44. Bh5 Nd6 45. Bf3 Kg6 46. Bg2 Ne8 47.
h4 g4 48. Kf4 Kf6 49. f3 gxf3 50. Bxf3 Nd6 51. Bh5 Nc4 1/2-1/2

[Event "39th Zurich Christmas"]
[Site "Zurich SUI"]
[Date "2015.12.26"]
[Round "1.15"]
[White "Toth, Sarolta"]
[Black "Pikula, Dejan"]
[Result "1-0"]
[WhiteTitle "WFM"]
[BlackTitle "GM"]
[WhiteElo "2106"]
[BlackElo "2467"]
[WhiteFideId "730343"]
[BlackFideId "906379"]
[EventDate "2015.12.26"]

1. Nf3 g6 2. c4 Bg7 3. g3 e5 4. Nc3 Nc6 5. Bg2 f5 6. d3 h6 7. Rb1 a5 8. a3 d6 9.
O-O Nge7 10. Qc2 g5 11. b4 axb4 12. axb4 g4 13. Nd2 h5 14. Nd5 Nd4 15. Qd1 Ng6
16. b5 Ne6 17. Bb2 O-O 18. Ra1 Rb8 19. Ra7 h4 20. e4 hxg3 21. hxg3 Ng5 22. exf5
Bxf5 23. Qe2 Nh3+ 24. Kh2 c6 25. Bxh3 gxh3 26. Ne3 cxb5 27. Nxf5 Rxf5 28. cxb5
Qb6 29. Qe3 Qxb5 30. Nc4 Qc6 31. Qe4 Rbf8 32. Qxc6 Rxf2+ 33. Rxf2 Rxf2+ 34. Kg1
bxc6 35. Kxf2 d5 36. Nd2 Bf8 37. Ba3 Bh6 38. Nf1 e4 39. dxe4 dxe4 40. Bd6 Bc1
41. Ra4 e3+ 42. Ke2 1-0

[Event "39th Zurich Christmas"]
[Site "Zurich SUI"]
[Date "2015.12.26"]
[Round "1.16"]
[White "Milov, Leonid"]
[Black "Hauser, Robert"]
[Result "0-1"]
[WhiteTitle "GM"]
[WhiteElo "2465"]
[BlackElo "2100"]
[WhiteFideId "14101068"]
[BlackFideId "1307720"]
[EventDate "2015.12.26"]

1. e4 d5 2. exd5 Nf6 3. Nf3 Nxd5 4. d4 g6 5. g3 Bg7 6. Bg2 O-O 7. O-O Bg4 8. c3
c6 9. Nbd2 Nd7 10. h3 Bxf3 11. Nxf3 b5 12. Re1 e6 13. h4 h5 14. Bg5 Qc7 15. Rc1
N7b6 16. b3 Rac8 17. c4 bxc4 18. bxc4 Nf6 19. Ne5 c5 20. Bf4 Qd8 21. Nc6 Rxc6
22. Bxc6 Qxd4 23. Qe2 Ng4 24. Red1 Qb2 25. Rc2 Qf6 26. Bd6 Rc8 27. Bb7 Rd8 28.
Bxc5 Rxd1+ 29. Qxd1 Qf5 30. Bd6 Nxc4 31. Bf4 Nb6 32. Bb8 Bd4 33. Qxd4 Qxc2 34.
Bxa7 Nc4 35. Qd8+ Kg7 36. Bc5 Qb1+ 37. Kg2 Qxb7+ 38. f3 Qb2+ 39. Kg1 Qc1+ 40.
Kg2 Nce3+ 41. Bxe3 Nxe3+ 42. Kf2 Nf5 0-1

[Event "39th Zurich Christmas"]
[Site "Zurich SUI"]
[Date "2015.12.26"]
[Round "1.17"]
[White "Aeschbach, Werner"]
[Black "Kurmann, Oliver"]
[Result "0-1"]
[BlackTitle "IM"]
[WhiteElo "2093"]
[BlackElo "2435"]
[WhiteFideId "1313193"]
[BlackFideId "1308173"]
[EventDate "2015.12.26"]

1. d4 Nf6 2. Bg5 d5 3. e3 c5 4. Bxf6 gxf6 5. Nc3 e6 6. Qh5 Nc6 7. O-O-O cxd4 8.
exd4 Bd7 9. Nge2 f5 10. h4 Qf6 11. Kb1 Rg8 12. g3 Bd6 13. Qf3 O-O-O 14. Bh3 Qh6
15. g4 fxg4 16. Bxg4 Rg6 17. Qh3 Rdg8 18. Rhg1 f5 19. Bf3 Rxg1 20. Nxg1 Nxd4 21.
Bxd5 exd5 22. Nxd5 Qd2 23. Qc3+ Qxc3 24. bxc3 Nb5 25. a4 Na3+ 26. Ka2 Be6 0-1

[Event "39th Zurich Christmas"]
[Site "Zurich SUI"]
[Date "2015.12.26"]
[Round "1.18"]
[White "Studer, Noel"]
[Black "Adamantidis, Panagiotis"]
[Result "1-0"]
[WhiteTitle "IM"]
[WhiteElo "2404"]
[BlackElo "2092"]
[WhiteFideId "1319620"]
[BlackFideId "1314653"]
[EventDate "2015.12.26"]

1. e4 c5 2. Nf3 d6 3. d4 cxd4 4. Nxd4 Nf6 5. Nc3 g6 6. Be3 Bg7 7. f3 Nc6 8. Qd2
O-O 9. Bc4 Bd7 10. O-O-O Ne5 11. Bb3 Qa5 12. Kb1 Rfc8 13. Bg5 Rab8 14. f4 Neg4
15. Rhe1 Nxh2 16. e5 Nfg4 17. e6 fxe6 18. Nxe6 Bf6 19. Nc5+ 1-0

[Event "39th Zurich Christmas"]
[Site "Zurich SUI"]
[Date "2015.12.27"]
[Round "2.2"]
[White "Gaehler, Marco"]
[Black "Georgiev, Kiril"]
[Result "1/2-1/2"]
[WhiteTitle "FM"]
[BlackTitle "GM"]
[WhiteElo "2316"]
[BlackElo "2627"]
[WhiteFideId "1310089"]
[BlackFideId "2900017"]
[EventDate "2015.12.26"]

1. g3 d5 2. Nf3 c6 3. Bg2 Bg4 4. O-O Nd7 5. d3 Ngf6 6. h3 Bh5 7. Qe1 e5 8. e4
dxe4 9. dxe4 Be7 10. Nh4 O-O 11. Nf5 Bc5 12. b4 Bb6 13. a3 a5 14. Bb2 Bc7 15. g4
Bg6 16. Nd2 Nb6 17. Nb3 Nc4 18. Bc3 Bxf5 19. exf5 Nd5 20. Nc5 Qh4 21. Ne4 Nf4
22. Kh2 Bb6 23. bxa5 Bxa5 24. Bxa5 Rxa5 25. Qb4 b5 26. a4 Rfa8 27. axb5 Rxa1 28.
Rxa1 Rxa1 29. Qxc4 Qd8 30. bxc6 Ra7 31. Qc5 Qe7 32. Bf3 Qxc5 33. Nxc5 Kf8 34.
Nd7+ Ke7 35. Nxe5 Kd6 36. Nc4+ Kc5 37. Ne3 g5 38. f6 Ng6 39. Be4 Kd4 40. Nd5 Ra5
41. c7 Rc5 42. Bf5 Kxd5 43. c8=Q Rxc8 44. Bxc8 Nf4 45. Ba6 Ke5 46. Kg3 Kxf6 47.
h4 h6 48. Bc4 Ke7 49. hxg5 hxg5 50. Kf3 f6 51. Ke4 Kd6 52. Kf5 Ke7 53. f3 Ng2
54. Bb3 Nf4 55. Bg8 Ne2 56. c4 Nd4+ 57. Ke4 Nb3 58. Bd5 Nc5+ 59. Kf5 Nb3 60. f4 1/2-1/2

[Event "39th Zurich Christmas"]
[Site "Zurich SUI"]
[Date "2015.12.27"]
[Round "2.3"]
[White "Bauer, Christian"]
[Black "Todorovic, Nenad I"]
[Result "1-0"]
[WhiteTitle "GM"]
[WhiteElo "2624"]
[BlackElo "2314"]
[WhiteFideId "603767"]
[BlackFideId "912832"]
[EventDate "2015.12.26"]

1. d4 Nf6 2. g3 e6 3. Bg2 c5 4. Nf3 Nc6 5. O-O d5 6. c4 dxc4 7. Na3 cxd4 8. Nxc4
Bc5 9. a3 a5 10. Bf4 Nd5 11. Be5 Nxe5 12. Ncxe5 O-O 13. Rc1 b6 14. Nxd4 Ba6 15.
Nb3 Bd6 16. Nc6 Qf6 17. Qd2 Rac8 18. Rfd1 Bb7 19. Na7 Rxc1 20. Nxc1 Bb8 21. Nb5
Ba6 22. Nd4 Rc8 23. e3 h5 24. h4 g6 25. Nce2 Kg7 26. Nf3 Ne7 27. Nc3 Nc6 28. Ng5
Rd8 29. Bxc6 Rxd2 30. Rxd2 Bc8 31. Be8 Qe7 32. Bxf7 Be5 33. Nce4 b5 34. Kh2 b4
35. axb4 axb4 36. b3 Bc3 37. Rd6 Be5 38. Rc6 Bd7 39. Rb6 Bc7 40. Ra6 Bb8 41.
Bxe6 Be8 42. Bc4 Qb7 43. Rf6 Be5 44. Re6 Qb8 45. Bd5 Kf8 46. Nh7+ 1-0

[Event "39th Zurich Christmas"]
[Site "Zurich SUI"]
[Date "2015.12.27"]
[Round "2.4"]
[White "Kheit, Wahbi"]
[Black "Bindrich, Falko"]
[Result "1-0"]
[BlackTitle "GM"]
[WhiteElo "2306"]
[BlackElo "2583"]
[WhiteFideId "2815702"]
[BlackFideId "4676670"]
[EventDate "2015.12.26"]

1. e4 c5 2. Nc3 Nc6 3. Bb5 Nd4 4. Nf3 g6 5. O-O Bg7 6. d3 Nxb5 7. Nxb5 a6 8. Nc3
d6 9. Qe2 e5 10. Bd2 Ne7 11. Rab1 O-O 12. a4 Nc6 13. Nd5 Bg4 14. c3 f5 15. b4
cxb4 16. Nxb4 Ne7 17. Bg5 h6 18. Bxe7 Qxe7 19. Nd5 Qf7 20. Rb3 Rab8 21. Rfb1 Qd7
22. Rb6 Kh8 23. a5 Bh5 24. Qe3 fxe4 25. Qxe4 g5 26. c4 Rf7 27. Nd2 Qe6 28. Qe3
Bg6 29. Ne4 Bxe4 30. Qxe4 Rbf8 31. f3 g4 32. fxg4 Qc8 33. h3 Qc5+ 34. Kh2 Rf1
35. Rxf1 Rxf1 36. Qe3 Qxa5 37. Rxd6 Qe1 38. Qxe1 Rxe1 39. Nf6 Bxf6 40. Rxf6 Re3
41. Rxh6+ Kg8 42. Rb6 e4 43. dxe4 Rxe4 44. Rxb7 Rxc4 45. Ra7 Ra4 46. g5 a5 47.
Kg3 Ra2 48. h4 a4 49. h5 Ra3+ 50. Kg4 Ra2 51. g3 a3 52. g6 1-0

[Event "39th Zurich Christmas"]
[Site "Zurich SUI"]
[Date "2015.12.27"]
[Round "2.5"]
[White "Vorobiov, Evgeny E."]
[Black "Kamber, Bruno"]
[Result "1-0"]
[WhiteTitle "GM"]
[BlackTitle "FM"]
[WhiteElo "2574"]
[BlackElo "2295"]
[WhiteFideId "4121341"]
[BlackFideId "1300504"]
[EventDate "2015.12.26"]

1. e4 c5 2. Nf3 d6 3. d4 Nf6 4. Nc3 cxd4 5. Nxd4 e5 6. Bb5+ Bd7 7. Bxd7+ Qxd7 8.
Nde2 h6 9. Be3 Qc6 10. f3 Nbd7 11. Qd3 a6 12. O-O-O Be7 13. g4 b5 14. Ng3 g6 15.
h4 Nc5 16. Bxc5 Qxc5 17. h5 Rc8 18. hxg6 fxg6 19. Kb1 Kf7 20. Qd2 Rh7 21. Nf1
Kg7 22. Ne3 Kh8 23. g5 hxg5 24. Rxh7+ Kxh7 25. Ncd5 Nxd5 26. Nxd5 Bf8 27. c3 Bg7
28. Rh1+ Kg8 29. Ne7+ Kf7 30. Nxc8 Qxc8 31. Qxd6 g4 32. Qd5+ Ke7 33. Rh7 Kf6 34.
Qd6+ Qe6 35. Qxe6+ Kxe6 36. fxg4 1-0

[Event "39th Zurich Christmas"]
[Site "Zurich SUI"]
[Date "2015.12.27"]
[Round "2.6"]
[White "Wyss, Jonas"]
[Black "Kunin, Vitaly"]
[Result "0-1"]
[WhiteTitle "FM"]
[BlackTitle "GM"]
[WhiteElo "2289"]
[BlackElo "2572"]
[WhiteFideId "1311387"]
[BlackFideId "4128737"]
[EventDate "2015.12.26"]

1. e4 d6 2. d4 Nf6 3. Nc3 Nbd7 4. Nf3 e5 5. Bc4 Be7 6. a4 O-O 7. O-O c6 8. h3
Qc7 9. Re1 h6 10. Be3 Re8 11. a5 exd4 12. Nxd4 Ne5 13. Bb3 Bf8 14. f4 Ned7 15.
Nf5 Nxe4 16. Nxh6+ gxh6 17. Bxf7+ Kxf7 18. Qh5+ Ke7 19. Nxe4 Kd8 20. Bb6 Nxb6
21. Nf6 Rxe1+ 22. Rxe1 Qg7 23. Qe8+ Kc7 24. axb6+ axb6 25. Nh5 Qd4+ 26. Kh2 Qd2
27. Re2 Qd1 28. Nf6 Ra1 29. Qf7+ Kb8 30. Re8 Ka7 31. Rxc8 Qg1+ 32. Kg3 Qe3+ 33.
Kg4 Qe2+ 34. Kg3 Qe3+ 35. Kg4 Ra4 36. Nh5 Be7 37. Re8 Qe2+ 38. Kg3 Bh4+ 39. Kxh4
Qxg2 40. c4 Qf2+ 41. Ng3 b5 42. b3 Rb4 43. Re2 Qf3 44. Qf5 Rxb3 45. Qg4 Qc3 46.
Ne4 Qd4 47. Qd7 b4 48. Qxd6 Qxc4 49. Qc5+ Qxc5 50. Nxc5 Rc3 51. Ne4 Rc4 52. f5
b3 53. f6 b2 54. Rxb2 Rxe4+ 55. Kh5 Rf4 56. Kg6 b5 57. f7 Kb6 58. Kg7 c5 59.
f8=Q Rxf8 60. Kxf8 c4 61. Kg7 Kc5 62. Kxh6 c3 63. Rf2 b4 64. Rf8 b3 65. h4 b2
66. Rb8 Kd6 67. Kg6 c2 68. Rxb2 c1=Q 69. Rg2 Qf4 70. Kh5 Qf3+ 71. Rg4 Ke6 72.
Kg5 Qf5+ 0-1

[Event "39th Zurich Christmas"]
[Site "Zurich SUI"]
[Date "2015.12.27"]
[Round "2.7"]
[White "Pelletier, Yannick"]
[Black "Gretz, Denis"]
[Result "1-0"]
[WhiteTitle "GM"]
[WhiteElo "2571"]
[BlackElo "2287"]
[WhiteFideId "1301837"]
[BlackFideId "12945188"]
[EventDate "2015.12.26"]

1. d4 f5 2. g3 Nf6 3. Bg2 g6 4. Nf3 Bg7 5. c4 d6 6. O-O O-O 7. Nc3 Qe8 8. d5 a5
9. Be3 Na6 10. Qd2 Ng4 11. Bd4 Bh6 12. Ng5 c5 13. dxc6 bxc6 14. Na4 Rb8 15. b3
e5 16. Bc3 f4 17. gxf4 Rxf4 18. e3 Rxf2 19. Rxf2 Bxg5 20. Rf3 e4 21. Rg3 Qe7 22.
Qd4 Ne5 23. c5 1-0

[Event "39th Zurich Christmas"]
[Site "Zurich SUI"]
[Date "2015.12.27"]
[Round "2.8"]
[White "Gantner, Matthias"]
[Black "Burmakin, Vladimir"]
[Result "0-1"]
[WhiteTitle "FM"]
[BlackTitle "GM"]
[WhiteElo "2274"]
[BlackElo "2556"]
[WhiteFideId "1310534"]
[BlackFideId "4105109"]
[EventDate "2015.12.26"]

1. e4 c6 2. d4 d5 3. f3 g6 4. Nc3 Bg7 5. Be3 Qb6 6. Rb1 dxe4 7. Nxe4 Nf6 8.
Nxf6+ Bxf6 9. Qd2 O-O 10. Bc4 Rd8 11. Ne2 Nd7 12. Bb3 Nf8 13. Rd1 a5 14. a4 Qa6
15. Qd3 Qxd3 16. Rxd3 Bf5 17. Rd2 Be6 18. Rd3 b5 19. axb5 cxb5 20. Kf2 Bf5 21.
Rd2 a4 22. Ba2 b4 23. g4 Be6 24. d5 Bd7 25. c4 Rdc8 26. c5 Bb5 27. Ng3 a3 28.
bxa3 Rxa3 29. Bb1 e6 30. Bd4 Bxd4+ 31. Rxd4 exd5 32. Rxd5 Ne6 33. Ne4 Bc6 34.
Re5 Nd4 35. Rd1 Rxf3+ 36. Kg2 Rb3 37. Rxd4 Rxb1 38. Kg3 b3 39. Rb4 Bxe4 40.
Rexe4 Rxc5 41. h4 b2 42. Re8+ Kg7 43. Reb8 Rg1+ 44. Kh2 b1=Q 45. Rxb1 Rxg4 0-1

[Event "39th Zurich Christmas"]
[Site "Zurich SUI"]
[Date "2015.12.27"]
[Round "2.12"]
[White "Curien, Nicolas"]
[Black "Studer, Noel"]
[Result "0-1"]
[BlackTitle "IM"]
[WhiteElo "2199"]
[BlackElo "2404"]
[WhiteFideId "1301101"]
[BlackFideId "1319620"]
[EventDate "2015.12.26"]

1. d4 f5 2. Bg5 h6 3. Bh4 g5 4. e3 Nf6 5. Bg3 d6 6. h4 g4 7. Bc4 Nh5 8. Ne2 Bg7
9. Nbc3 Nc6 10. Qd2 e5 11. O-O-O Bd7 12. f3 Nxg3 13. Nxg3 h5 14. Qf2 Ne7 15.
fxg4 hxg4 16. Nge4 Ng8 17. Ng5 Nh6 18. dxe5 Bxe5 19. Nd5 c6 20. Nf4 d5 21. Ng6
Bxb2+ 22. Kxb2 Qf6+ 23. c3 Qxg6 24. Qf4 O-O 25. Bd3 Qg7 26. Kc2 b5 27. Qd6 f4
28. Qc5 a6 29. Rhf1 Rfe8 30. Rde1 Bc8 31. a4 Bb7 32. Rxf4 Re5 33. Ref1 Qc7 34.
axb5 axb5 35. Ra1 d4 36. Qxd4 c5 37. Bc4+ Kg7 38. Qd3 bxc4 39. Qxc4 Rxe3 0-1

[Event "39th Zurich Christmas"]
[Site "Zurich SUI"]
[Date "2015.12.27"]
[Round "2.13"]
[White "Hofer, Emilian"]
[Black "Georgiadis, Nico"]
[Result "1/2-1/2"]
[BlackTitle "IM"]
[WhiteElo "2212"]
[BlackElo "2485"]
[WhiteFideId "1602357"]
[BlackFideId "1300113"]
[EventDate "2015.12.26"]

1. e4 c5 2. Nf3 g6 3. d4 cxd4 4. Nxd4 Nc6 5. Nc3 Bg7 6. Be3 Nf6 7. Bc4 O-O 8.
Bb3 d6 9. f3 Bd7 10. Qd2 Na5 11. O-O-O Rb8 12. Bh6 Bxh6 13. Qxh6 e5 14. Nde2 b5
15. Rxd6 b4 16. Nd5 Nxb3+ 17. axb3 Nxd5 18. Rxd5 Qc7 19. Rhd1 Be6 20. R5d3 a5
21. Ng3 Rfc8 22. R1d2 a4 23. bxa4 b3 24. c3 Qa5 25. Kd1 Qxa4 26. Ke1 Bc4 27. Rd7
Be6 28. Nh5 gxh5 29. Qg5+ Kf8 30. Qe7+ Kg8 31. Qg5+ Kf8 32. Qe7+ Kg8 1/2-1/2

[Event "39th Zurich Christmas"]
[Site "Zurich SUI"]
[Date "2015.12.27"]
[Round "2.14"]
[White "Kurmann, Oliver"]
[Black "Goldie, Thomas"]
[Result "1-0"]
[WhiteTitle "IM"]
[WhiteElo "2435"]
[BlackElo "2243"]
[WhiteFideId "1308173"]
[BlackFideId "2054485"]
[EventDate "2015.12.26"]

1. e4 c5 2. Nf3 d6 3. d4 cxd4 4. Nxd4 Nf6 5. Nc3 a6 6. Be3 e5 7. Nb3 Be6 8. h3
Be7 9. Qf3 O-O 10. g4 b5 11. g5 Nfd7 12. h4 Nc6 13. O-O-O Rc8 14. Kb1 Na5 15.
Nd5 Bxd5 16. exd5 Nc4 17. Bc1 f5 18. gxf6 Nxf6 19. Rg1 Re8 20. Bh3 Rc7 21. Be6+
Kh8 22. h5 Bf8 23. Rg5 a5 24. Rdg1 Rxe6 25. dxe6 Qe7 26. Qf5 a4 27. Nd2 Rc5 28.
b3 e4 29. Qh3 Ne5 30. Ba3 Rd5 31. Qe3 h6 32. Rf5 Nc4 33. Nxc4 Rxf5 34. Nxd6 Qxe6
35. Nxf5 Bxa3 36. Nxg7 Qe5 37. c3 Nd5 38. Qxh6+ 1-0

[Event "39th Zurich Christmas"]
[Site "Zurich SUI"]
[Date "2015.12.27"]
[Round "2.17"]
[White "Haas, Carmi"]
[Black "Klauser, Markus"]
[Result "1-0"]
[BlackTitle "IM"]
[WhiteElo "2192"]
[BlackElo "2393"]
[WhiteFideId "1303430"]
[BlackFideId "1300334"]
[EventDate "2015.12.26"]

1. d4 Nf6 2. Nf3 e6 3. c4 b6 4. Nc3 Bb4 5. Qc2 Bb7 6. a3 Bxc3+ 7. Qxc3 Ne4 8.
Qc2 f5 9. e3 O-O 10. Bd3 d6 11. O-O Nd7 12. Nd2 Qh4 13. f3 Ng5 14. Nb3 Rf6 15.
Qf2 Qh5 16. h4 Nf7 17. Re1 e5 18. Bd2 Rf8 19. d5 Nh6 20. Bc3 a5 21. Qg3 Qe8 22.
Nd2 Rg6 23. Qh3 Nc5 24. Bc2 Na4 25. Bxa4 Qxa4 26. b3 Qe8 27. b4 a4 28. b5 Bc8
29. Qh2 Qd8 30. Kf2 Nf7 31. g3 Nh6 32. Ke2 f4 33. exf4 exf4 34. g4 Nxg4 35. fxg4
Bxg4+ 36. Kf2 Qd7 37. Re4 Qf5 38. Rae1 h5 39. Bd4 Rf7 40. Re8+ Kh7 41. Ne4 f3
42. Ng5+ Rxg5 43. hxg5 Qd3 44. R1e4 Qd2+ 45. Kg3 f2 46. g6+ Kxg6 47. Rxg4+ hxg4
48. Re6+ Rf6 49. Qxf2 Qd3+ 50. Kxg4 Rxe6 51. dxe6 Qe4+ 52. Kg3 Qxe6 53. Qc2+ Kf7
54. Qd3 g6 55. Qf3+ Ke7 56. Qe3 Qxe3+ 57. Bxe3 d5 58. c5 bxc5 59. Bxc5+ Ke6 60.
Kf4 g5+ 61. Ke3 Ke5 62. Kd3 g4 63. Bf2 Kd6 64. Kd4 c5+ 65. Kc3 d4+ 66. Kc4 Kc7
67. Bh4 Kd7 68. Bg3 Kc8 69. Bd6 1-0